000 01495cam a2200277 4500
001 ##L130644
002 ##9112
008 050822n2006 000 0 eng u
020 _a1842192418
035 _a(Sirsi) u130644
041 0 _aeng
050 0 4 _a346.4104343 $2 18
100 1 _aRooney, Adam
245 0 0 _aBusiness tenancy renewals
_ba surveyor's handbook
260 _aLondon
_bRICS Books
_c2006
300 _axii, 354p
_c24cm.
350 _a34.95
505 2 _aDeciding whether LTA 1954 applies -- Excluding LTA 1954 protection -- How to end a tenancy -- Dealing with notices -- Court claims and pre-action conduct -- Unopposed claims -- Grounds of opposition to a new tenancy -- Opposed claims and contentious court applications -- Acting as an expert -- The tenant's right to statutory compensation -- Alternative dispute resolution and LTA 1954
520 _aA practical and straightforward guide to all aspects of the Landlord and Tenant Act 1954, and the practical impact of the changes brought about by the Regulatory Reform (Business Tenancies) Order 2003. Includes examples and specimen notices and particulars of claim.
590 _aIKA280306
650 2 4 _aLANDLORD AND TENANT ACT 1954
650 2 4 _aREGULATORY REFORM (BUSINESS TENANCIES) (ENGLAND AND WALES) ORDER 2003
690 _aPROPERTY-COMMERCIAL PROPERTY-LEASEHOLD COMMERCIAL PROPERTY-COMMERCIAL LANDLORD AND TENANT-COMMERCIAL LEASES-COMMERCIAL LEASE RENEWAL
700 1 _aCridge, Julian
942 _n0
999 _c104501
_d104501